লক্ষ প্রাণের বিনিময়ে / (Record no. 104534)
[ view plain ]
| 000 -LEADER | |
|---|---|
| fixed length control field | 00702nam a22001817a 4500 |
| 003 - CONTROL NUMBER IDENTIFIER | |
| control field | BD-DhUL |
| 005 - DATE AND TIME OF LATEST TRANSACTION | |
| control field | 20160906195915.0 |
| 008 - FIXED-LENGTH DATA ELEMENTS--GENERAL INFORMATION | |
| fixed length control field | 160905b1981 bg ||||| |||| 00| 0 ben d |
| 040 ## - CATALOGING SOURCE | |
| Transcribing agency | BD-DhUL |
| Original cataloging agency | BD-DhUL |
| 082 ## - DEWEY DECIMAL CLASSIFICATION NUMBER | |
| Classification number | 954.92 |
| Item number | RAL |
| 100 #1 - MAIN ENTRY--PERSONAL NAME | |
| Personal name | ইসলাম, রফিক-উল |
| 245 #1 - TITLE STATEMENT | |
| Title | লক্ষ প্রাণের বিনিময়ে / |
| Statement of responsibility, etc. | রফিক-উল-ইসলাম |
| 260 ## - PUBLICATION, DISTRIBUTION, ETC. (IMPRINT) | |
| Place of publication, distribution, etc. | ঢাকা : |
| Name of publisher, distributor, etc. | বাংলাদেশ বুকস ইন্টারন্যাশনাল; |
| Date of publication, distribution, etc. | ১৯৮১. |
| 300 ## - PHYSICAL DESCRIPTION | |
| Extent | চ, ৩৩১ পৃঃ |
| Dimensions | ২০ সে.মি. |
| 650 #0 - SUBJECT ADDED ENTRY--TOPICAL TERM | |
| Topical term or geographic name as entry element | বাংলাদেশ-ইতিহাস |
| 650 #0 - SUBJECT ADDED ENTRY--TOPICAL TERM | |
| Topical term or geographic name as entry element | Bangladesh-history |
| 942 ## - ADDED ENTRY ELEMENTS (KOHA) | |
| Source of classification or shelving scheme | |
| Koha item type | Books |
| Price effective from | Date last seen | Permanent Location | Not for loan | Date acquired | Source of classification or shelving scheme | Koha item type | Lost status | Withdrawn status | Copy number | Source of acquisition | Collection code | Damaged status | Shelving location | Barcode | Current Location | Full call number |
|---|---|---|---|---|---|---|---|---|---|---|---|---|---|---|---|---|
| 2016-09-06 | 2016-09-06 | Dhaka University Library | 2016-09-06 | Books | 1 | Purchased | Non Fiction | General Stacks | A203906 | Dhaka University Library | 954.92 RAL | |||||
| 2016-09-06 | 2016-09-06 | Dhaka University Library | 2016-09-06 | Books | 2 | Purchased | Non Fiction | General Stacks | A203907 | Dhaka University Library | 954.92 RAL | |||||
| 2016-09-06 | 2016-09-06 | Dhaka University Library | 2016-09-06 | Books | 3 | Purchased | Non Fiction | General Stacks | A203908 | Dhaka University Library | 954.92 RAL | |||||
| 2016-09-06 | 2016-09-06 | Dhaka University Library | 2016-09-06 | Books | 4 | Purchased | Non Fiction | General Stacks | A203909 | Dhaka University Library | 954.92 RAL | |||||
| 2016-09-06 | 2016-09-06 | Dhaka University Library | 2016-09-06 | Books | 5 | Purchased | Non Fiction | General Stacks | A203910 | Dhaka University Library | 954.92 RAL | |||||
| 2016-09-06 | 2016-09-06 | Dhaka University Library | 2016-09-06 | Books | 6 | Purchased | Non Fiction | General Stacks | A203911 | Dhaka University Library | 954.92 RAL | |||||
| 2016-09-06 | 2016-09-06 | Dhaka University Library | 2016-09-06 | Books | 8 | Purchased | Non Fiction | General Stacks | A203912 | Dhaka University Library | 954.92 RAL | |||||
| 2016-09-06 | 2016-09-06 | Dhaka University Library | 2016-09-06 | Books | 9 | Purchased | Non Fiction | General Stacks | A203913 | Dhaka University Library | 954.92 RAL | |||||
| 2016-09-06 | 2016-09-06 | Dhaka University Library | 2016-09-06 | Books | 10 | Purchased | Non Fiction | General Stacks | A203914 | Dhaka University Library | 954.92 RAL | |||||
| 2016-09-07 | 2016-09-07 | Dhaka University Library | 2016-09-07 | Books | Purchased | Non Fiction | General Stacks | A203912(d) | Dhaka University Library | 954.92 RAL |
